| 000 | 00484nam a2200181Ia 4500 | ||
|---|---|---|---|
| 008 | 240925s9999 xx 000 0 und d | ||
| 020 | _a9780230415935 | ||
| 082 | _a808.042 ZEM | ||
| 100 | _aZemach, Dorothy E. | ||
| 245 | 0 | _aWriting Paragraphs: from sentence to paragraph | |
| 250 | _aNA | ||
| 260 |
_aCalifornia: _bMacmillan _cNA |
||
| 300 |
_a190p. _bNA _fOriginal |
||
| 500 | _aIncludes Index | ||
| 600 | _aHumanities & Natural Science | ||
| 650 | _aLiterature | ||
| 942 | _cBK | ||
| 999 |
_c14955 _d14955 |
||